A case study of the communication deficits of an autistic child /
Saved in:
| Main Author: | |
|---|---|
| Format: | Thesis Book |
| Language: | English |
| Published: |
2007.
|
| Subjects: | |
| Tags: |
Add Tag
No Tags, Be the first to tag this record!
|
| LEADER | 01083cam a2200265 a 4500 | ||
|---|---|---|---|
| 001 | u747577 | ||
| 003 | SIRSI | ||
| 005 | 200710291619 | ||
| 008 | 071029s2007 my a t 000 0 eng m | ||
| 040 | |a UMM |d UMB | ||
| 090 | |a PE1128 |b UM 2007 Ind | ||
| 093 | |a PE1128 |b UM 2007 Ind | ||
| 100 | 0 | |a Indradevi Sethupathy. | |
| 245 | 1 | 2 | |a A case study of the communication deficits of an autistic child / |c Indradevi Sethupathy. |
| 260 | |c 2007. | ||
| 300 | |a xiv, 161 leaves : |b ill. ; |c 30 cm. | ||
| 502 | |a Dissertation (M.E.S.L.) -- Fakulti Bahasa dan Linguistik, Universiti Malaya, 2007. | ||
| 504 | |a Bibliography: leaves 120-122. | ||
| 650 | 0 | |a Communicative disorders in children. | |
| 650 | 0 | |a Autistic children |x Language. | |
| 710 | 2 | |a Universiti Malaya. |b Fakulti Bahasa dan Linguistik. | |
| 596 | |a 1 6 | ||
| 900 | |a SJMK | ||
| 999 | |a PE1128 UM 2007 IND |w LC |c 1 |i A513133058 |d 14/4/2017 |e 14/4/2017 |f 4/12/2007 |g 1 |l STACKS |m P01UTAMA |n 14 |r Y |s Y |t TESIS |u 4/12/2007 | ||
| 999 | |a PE1128 UM 2007 IND |w LC |c 1 |i A513028109 |d 17/3/2011 |e 17/3/2011 |f 18/12/2007 |g 1 |l STACKS |m P06BAHASA |n 1 |r Y |s Y |t TESIS |u 18/12/2007 | ||
